| 000 | 00326nam a2200109Ia 4500 | ||
|---|---|---|---|
| 008 | 230907s9999||||xx |||||||||||||| ||und|| | ||
| 082 |
_a621.433 _bASG |
||
| 100 |
_aAsgari, Hamid, _9115334 |
||
| 245 | 0 | _aGas turbines modeling, simulation, and control : | |
| 300 | _axxx, 176 pages, 14 unnumbered pages of plates : | ||
| 942 | _cBK | ||
| 999 |
_c598150 _d598150 |
||